|
|
|
|
| LEADER |
01067nam a2200337 4500 |
| 001 |
000006019 |
| 003 |
2173 |
| 005 |
20120416100427.0 |
| 008 |
110829s1982 viesd |
| 020 |
|
|
|c 9500đ
|
| 041 |
0 |
|
|a vie
|
| 082 |
|
|
|a 895.9223
|b MA-K
|
| 100 |
0 |
|
|a Ma Văn Kháng
|
| 245 |
|
0 |
|a Mưa mùa hạ
|b Tiểu thuyết
|c Ma Văn Kháng
|
| 260 |
|
|
|a H.
|b Lao động
|c 1982
|
| 300 |
|
|
|a 310 tr
|c 19 cm
|
| 653 |
|
|
|a Văn học hiện đại
|
| 653 |
|
|
|a Việt Nam
|
| 653 |
|
|
|a Tiểu thuyết
|
| 700 |
|
|
|a Ma Văn Kháng
|e Tác giả
|
| 910 |
|
|
|a Nguyễn Thị Kim Oanh
|d 29/08/2011
|
| OWN |
|
|
|a LSP
|
| AVA |
|
|
|a UDN50
|b LSP
|d 895.9223 MA-K
|e unavailable
|t Error 5002 Not defined in file expand_doc_bib_avail.
|f 1
|g 1
|h N
|i 0
|k 1
|
| 999 |
|
|
|a From the UDN01
|
| AVA |
|
|
|a UDN50
|b LSP
|d 895.9223 MA-K
|e unavailable
|t Error 5002 Not defined in file expand_doc_bib_avail.
|f 1
|g 1
|h N
|i 0
|k 1
|
| TYP |
|
|
|a Monograph
|
| TYP |
|
|
|a Printed language
|
| 980 |
|
|
|a Mạng thư viện Đại học Đà Nẵng
|